Animal Alphabet 50 - Statistics

General Stats
  • This quiz has been taken 56 times
  • The average score is 18 of 26
Answer Stats
Picture Hint Answer % Correct
C Cheetah
97%
F Fox
97%
H Husky
87%
J Jaguar
87%
L Lion
87%
B Bobcat
77%
O Ocelot
77%
T Tiger
77%
W Wolf
74%
A African Wild Dog
71%
M Margay
68%
D Dhole
65%
S Serval
65%
E European Wildcat
61%
I Island Fox
61%
Z Zorro
61%
G Geoffroy's Cat
58%
K Kodkod
58%
X Xenosmilus
58%
R Rusty-Spotted Cat
55%
N Nortese
52%
P Pyrador
52%
Q Queensland Heeler
52%
U Utonagan
52%
V Volpino Italiano
52%
Y Yellow Dog
52%
No matching quizzes found
Score Distribution
Percent of People with Each Score
Percentile by Number Answered
Your Score History
You have not taken this quiz